Statistics for Synonyms By 1st Letter

Click here to take the quiz!

General Stats

  • This quiz has been taken 69 times
    (68 since last reset)
  • The average score is 14 of 22

Answer Stats

WordPart of Speech1st LetterSynonym% Correct
ChildNounKKid
98%
SpouseNounWWife
97%
CatNounFFeline
93%
CarNounVVehicle
93%
MoneyNounCCash / Currency / Coin / Chips / Capital
92%
WomanNounFFemale
92%
MovieNounFFilm / Feature / Flick
88%
CountryNounNNation
85%
AlcoholNounBBeverage / Booze
78%
DeadAdjectiveDDeceased / Departed / Defunct
73%
IncomeNounWWage
72%
StrongAdjectivePPotent / Powerful
67%
RedAdjectiveSScarlet
65%
IntelligentAdjectiveCClever
55%
HouseNounDDwelling / Domicile
52%
SkillNounAAbility / Adroitness / Aptitude
50%
AngerNounIIre / indignation / Irritation / Irritability
48%
WatchNounTTimepiece
42%
SunNounSStar
33%
CharityNounAAid / Alms / Assistance
30%
GreenAdjectiveVVerdant / Viridescent / Verduous
27%
ActorNounTThesbian / Trouper
10%

Score Distribution

Percentile by Number Answered

Percent of People with Each Score

Your Score History

You have not taken this quiz since the last reset